Dictionnaire etymologique de la langue française / (Record no. 34291)

MARC details
000 -LEADER
campo de control de longitud fija 00713nam a2200205 i 4500
001 - NÚMERO DE CONTROL
campo de control 34291
003 - IDENTIFICADOR DE NÚMERO DE CONTROL
campo de control ES-MaACL
005 - FECHA Y HORA DE LA ÚLTIMA TRANSACCIÓN
campo de control 20250627063627.0
007 - CAMPO FIJO DE DESCRIPCIÓN FÍSICA--INFORMACIÓN GENERAL
campo de control de longitud fija t|
008 - DATOS DE LONGITUD FIJA--INFORMACIÓN GENERAL
campo de control de longitud fija 030204s1932 fr ||||1| fre d
100 1# - ENTRADA PRINCIPAL--NOMBRE DE PERSONA
Nombre de persona Bloch, Oscar,
Fechas asociadas al nombre 1877-1937
9 (RLIN) 29518
245 10 - MENCIÓN DEL TÍTULO
Título Dictionnaire etymologique de la langue française /
Mención de responsabilidad, etc. par Oscar Bloch ; avec la collaboration de W. Wartburg ; preface d'A. Meillet.
260 ## - PUBLICACIÓN, DISTRIBUCIÓN, ETC.
Lugar de publicación, distribución, etc. Paris :
Nombre del editor, distribuidor, etc. Presses Universitaires,
Fecha de publicación, distribución, etc. 1932.
300 ## - DESCRIPCIÓN FÍSICA
Extensión 2 v. ;
Dimensiones 26 cm.
650 #4 - PUNTO DE ACCESO ADICIONAL DE MATERIA--TÉRMINO DE MATERIA
Término de materia o nombre geográfico como elemento de entrada Lengua francesa-
Subdivisión general Etimología-
Subdivisión de forma Diccionarios.
9 (RLIN) 14217
700 1# - ENTRADA AGREGADA--NOMBRE PERSONAL
Nombre de persona Watburg, W.
9 (RLIN) 116163
700 1# - ENTRADA AGREGADA--NOMBRE PERSONAL
Nombre de persona Meillet, Antoine (
Fechas asociadas al nombre 1866-1936)
9 (RLIN) 79843
852 ## - LOCALIZACIÓN
Ubicación ES-MaACL
Número de control de estantería A-1447-48
Holdings
Estatus retirado Estado de pérdida Estado de daño No para préstamo Biblioteca de origen Biblioteca actual Ubicación en estantería Fecha de adquisición Fuente de adquisición Total de préstamos Signatura topográfica completa Código de barras Visto por última vez Precio de reemplazo Tipo de ítem Koha
        Biblioteca del Ateneo de Madrid Biblioteca del Ateneo de Madrid Sala Pecera Planta 1 17/01/2008     A-1447-48 1035764 23/02/2023 23/02/2023 Libro impreso